College Basketball General Knowledge - 2010's - Statistics

General Stats
  • This quiz has been taken 9 times
  • The average score is 6 of 15
Answer Stats
Hint Answer % Correct
Who became the first freshman to win ACC Player of the Year in 2019? Zion Williamson
100%
Who was the Most Outstanding Player of the 2018 NCAA Tournament? Donte DiVincenzo
75%
In 2018, who was Loyola's leading fan? Sister Jean
75%
Which player led the nation in scoring during the 2012–13 season with 28.8 PPG? Doug McDermott
50%
Who won National Player of the Year honors in 2011 after averaging 23.5 PPG and 9.7 RPG? Jimmer Fredette
50%
Which team defeated Kansas in the 2011 Elite Eight after trailing by 12 at halftime? VCU
50%
Which No. 8 seed defeated a No. 1 seed in the 2011 NCAA Tournament Round of 32? Butler
25%
Which coach led Wichita State Shockers men's basketball to a 35–0 start in 2013–14? Gregg Marshall
25%
Which 2012 Final Four participant was the lowest seed remaining in the tournament? Louisville
25%
Which team eliminated No. 1 overall seed Gonzaga in the 2013 NCAA Tournament? Wichita State
25%
Who was the leading scorer in the 2016 national championship game? Despite losing. Grayson Allen
13%
Who led the nation in assists in 2015–16 with 8.7 per game? Kris Dunn
13%
Which player set the NCAA freshman scoring record in a single tournament game with 41 points in 2017? Malik Monk
13%
Who set the record for most 3-pointers made in a single NCAA Tournament (2013)? Michael Snaer
13%
Who hit the game-winning shot for Wisconsin Badgers men's basketball to defeat previously unbeaten Kentucky in the 2015 Final Four? Sam Dekker
13%
No matching quizzes found
Score Distribution
Percent of People with Each Score
Percentile by Number Answered
Your Score History
You have not taken this quiz